000 00618nam a2200217Ii 4500
003 JO-AjNU
008 230605s9999||||xx |||||||||||||| ||und||
017 _a1980/4255
020 _a977-7337-35-3
040 _aJO-AjNU
_bara
_erda
_cJO-AjNU
041 _aara
050 1 4 _aTA462.S52 1980
100 3 _aشلش، عادل,
_eauthor
_98348
245 0 0 _aتاكل المعادن
264 3 1 _aالقاهرة:دار المعارف، 1980
300 _a300ص
336 _atext
_btxt
_2rdacontent
337 _aunmediated
_bn
_2rdamedia
338 _avolume
_bnc
_2rdacarrier
650 4 _aتاكل المعادن
_98349
999 _aA742
_c4310
_d4310